<?xml version="1.0" encoding="UTF-8"?><?xml-stylesheet type="text/xsl" href="static/style.xsl"?><OAI-PMH xmlns="http://www.openarchives.org/OAI/2.0/" xmlns:xsi="http://www.w3.org/2001/XMLSchema-instance" xsi:schemaLocation="http://www.openarchives.org/OAI/2.0/ http://www.openarchives.org/OAI/2.0/OAI-PMH.xsd"><responseDate>2026-04-13T16:52:19Z</responseDate><request verb="GetRecord" identifier="oai:www.recercat.cat:2445/67429" metadataPrefix="marc">https://recercat.cat/oai/request</request><GetRecord><record><header><identifier>oai:recercat.cat:2445/67429</identifier><datestamp>2025-12-04T22:43:50Z</datestamp><setSpec>com_2072_1057</setSpec><setSpec>col_2072_478825</setSpec><setSpec>col_2072_478917</setSpec></header><metadata><record xmlns="http://www.loc.gov/MARC21/slim" xmlns:dcterms="http://purl.org/dc/terms/" xmlns:xsi="http://www.w3.org/2001/XMLSchema-instance" xmlns:doc="http://www.lyncode.com/xoai" xsi:schemaLocation="http://www.loc.gov/MARC21/slim http://www.loc.gov/standards/marcxml/schema/MARC21slim.xsd">
   <leader>00925njm 22002777a 4500</leader>
   <datafield ind2=" " ind1=" " tag="042">
      <subfield code="a">dc</subfield>
   </datafield>
   <datafield ind2=" " ind1=" " tag="720">
      <subfield code="a">Bueno i Torrens, David, 1965-</subfield>
      <subfield code="e">author</subfield>
   </datafield>
   <datafield ind2=" " ind1=" " tag="260">
      <subfield code="c">2015-10-22T13:50:34Z</subfield>
   </datafield>
   <datafield ind2=" " ind1=" " tag="260">
      <subfield code="c">2015-10-22T13:50:34Z</subfield>
   </datafield>
   <datafield ind2=" " ind1=" " tag="260">
      <subfield code="c">2015-10-20</subfield>
   </datafield>
   <datafield ind2=" " ind1=" " tag="260">
      <subfield code="c">2015-10-22T13:50:35Z</subfield>
   </datafield>
   <datafield ind2=" " ind1=" " tag="520">
      <subfield code="a">La coincidència de dates entre la declaració del president Mas i el 75è aniversari de l'assassinat del president Companys, el 15 d'octubre, ha generat tot tipus de controvèrsies, però hi ha una altra coincidència que ha passat desapercebuda. El dia que van declarar l'exvicepresidenta Ortega i la consellera Rigau, el 13 d'octubre, va coincidir amb el 106è aniversari de l'assassinat de Francesc Ferrer i Guàrdia, l'inspirat pedagog creador de l'Escola Moderna, condemnat amb proves falses i en judici sense garanties d'haver atiat els fets de la Setmana Tràgica, en un intent d'anul·lar amb la seva mort la seva pedagogia, basada sobretot en la racionalitat, l'esperit crític i la llibertat individual. Tot un altre despropòsit, atenent a la conselleria que ocupa Rigau, la d'Educació, i la seva racional defensa del model educatiu català. Vull centrar-me en els aspectes que he esmentat de l'Escola Moderna aplicats a una època de desenvolupament personal molt concreta, l'adolescència, perquè penso que de vegades no en som prou conscients i ens deixem portar per tendències que es mantenen i transmeten de manera preconscient.</subfield>
   </datafield>
   <datafield tag="653" ind2=" " ind1=" ">
      <subfield code="a">Educació secundària obligatòria</subfield>
   </datafield>
   <datafield tag="653" ind2=" " ind1=" ">
      <subfield code="a">Realització personal</subfield>
   </datafield>
   <datafield tag="653" ind2=" " ind1=" ">
      <subfield code="a">Filosofia</subfield>
   </datafield>
   <datafield tag="653" ind2=" " ind1=" ">
      <subfield code="a">Secondary education</subfield>
   </datafield>
   <datafield tag="653" ind2=" " ind1=" ">
      <subfield code="a">Personal realization</subfield>
   </datafield>
   <datafield tag="653" ind2=" " ind1=" ">
      <subfield code="a">Philosophy</subfield>
   </datafield>
   <datafield ind2="0" ind1="0" tag="245">
      <subfield code="a">Opinions rellevants</subfield>
   </datafield>
</record></metadata></record></GetRecord></OAI-PMH>